| 000 | 004950000a22001810004500 | ||
|---|---|---|---|
| 003 | MACL | ||
| 005 | 20151021125948.0 | ||
| 008 | 151021b xxu||||| |||| 00| 0 eng d | ||
| 040 |
_aMACL _cMACL |
||
| 041 | _aEnglish | ||
| 082 | _a954/LON | ||
| 100 |
_aLong, James _916227 |
||
| 245 | _aCalcutta And its Neighbourhood History of Calcutta and Its people From 1690-1857 | ||
| 260 |
_bIndian Population Growth _c1974 _aCalcutta |
||
| 350 | _a32 | ||
| 650 |
_aHistory _916228 |
||
| 942 |
_cBK _k954 _2ddc |
||
| 999 |
_c6892 _d6892 |
||